00534nam a2200181 a 450000100060000000300080000600500170001400800410003103500190007204000320009104100080012308200260013111000340015724500620019126000350025330000330028865000310032150278BD-RjUL20211209075502.0160824s1959 ii a 000 0 eng  a(BD-RjUL)50398 aDLCcDLCdDLCdBD-RjULbeng aeng00a370.954223bEDU 1959 aIndia. Ministry of Education.10aEducation in the States 1956-57 :ba statistical survey / aDelhi :bThe Ministry, c1959. aii, 165 p. :bill. ;c26 cm. 0aEducationzIndiaxHistory.